¡Construyamos ahora! (Record no. 115505)
[ view plain ]
| 000 -CABECERA | |
|---|---|
| campo de control de longitud fija | 00512nab a2200193 a 4500 |
| 005 - FECHA Y HORA DE LA ÚLTIMA TRANSACCIÓN | |
| campo de control | 20210219155343.0 |
| 008 - ELEMENTOS DE LONGITUD FIJA--INFORMACIÓN GENERAL | |
| campo de control de longitud fija | 991125s1985 mx 000 0 spa u |
| 035 ## - NÚMERO DE CONTROL DEL SISTEMA | |
| Número de control de sistema | UPN01000143358 |
| 100 1# - ASIENTO PRINCIPAL--NOMBRE PERSONAL | |
| Nombre de persona | Díaz Ruíz, Janet Guadalupe |
| 222 ## - TÍTULO CLAVE | |
| Título clave | PALABRAS HABITADAS |
| 245 ## - MENCIÓN DE TÍTULO | |
| Título | ¡Construyamos ahora! |
| 260 ## - PUBLICACIÓN, DISTRIBUCIÓN, ETC. | |
| Lugar de publicación, distribución, etc. | Aguascalientes, México |
| 300 ## - DESCRIPCIÓN FÍSICA | |
| Extensión | 124-130 |
| 362 0# - FECHAS DE PUBLICACIÓN Y/O DESIGNACIÓN SECUENCIAL | |
| Fecha de publicación y/o designación secuencial | 2004 Año 1, no. 3, may.-ago. |
| 653 0# - TERMINO DE INDIZACION - NO CONTROLADO | |
| Término no controlado | LIBERTAD |
| 653 0# - TERMINO DE INDIZACION - NO CONTROLADO | |
| Término no controlado | HOMBRE |
| 653 0# - TERMINO DE INDIZACION - NO CONTROLADO | |
| Término no controlado | FREIRE, PAULO, 1921-1997 |
| 905 ## - TIPO DE MATERIAL | |
| Tipo de material | Articulo |
No items available.
